Responses for show #3944 - Thursday, October 25, 2001

2001 Tournament of Champions quarterfinal game 4.

(Jimmy: ¡Hola! Soy Jimmy de la Clue Crew. Hoy en Jeopardy! hablamos español--¡y más!)

Contestants

Brad Rutter, a network administrator from Lancaster, Pennsylvania

Bob Fleenor, a newspaper copy editor from Martinsburg, West Virginia

Doug Lach, a marketing manager from Columbus, Ohio

Jeopardy! Round responses

LITERARY LOCALES
FASHION
POX, PLAGUE & PESTILENCE
INTERNATIONAL SPORTSMEN
FIRST LADIES
¿HABLA ESPAÑOL? ¡SÍ!
    $100 6
Harlem

Brad
    $100 21
(Bob: What are shoes?)

gloves

Bob
Triple Stumper
    $100 16
(Doug: Who is, uh, Dr. [*]?)
(Alex: Yes. No, wait a minute! No.)

(Alex: He wasn't a doctor; he was a journalist. Dr. Livingstone, but not Dr. [*].)

(Henry) Stanley

DougBrad
    $100 1
Australia

Brad
    $100 11
Laura Bush

Brad
    $100 24
a rodeo

Brad
    $200 7
Cannery Row

Bob
    $200 22
(Doug: What is St. Andrews?)

Eton

DougBob
    $200 17
mumps

Doug
    $200 2
bicycle racing

Doug
    $200 12
Mamie Eisenhower

Brad
    $200 25
macho

Doug
    $300 8
All Quiet on the Western Front

Brad
    $300 23
bateau

Brad
    $300 18
yellow fever

Brad
    $300 3
skiing

Brad
    $300 13
(Doug: Who is Bess Truman?)

Betty Ford

DougBrad
    $300 28
guerrilla

Bob
    $400 9
Erewhon

Triple Stumper
    $400 26
Mick Jagger

Triple Stumper
    $400 19
the Crimean War

Brad
    $400 4
Jackie Stewart

Brad
    $2,800 14
(Alex: You are on a roll, Brad, with $2,800.)
(Brad: Uh, let's make it a True Daily Double.)
(Alex: Hello! All right. You will have $5,600 if you are correct, and you will have complicated the lives of Doug and Bob.)

Mary Todd Lincoln

Brad
    $400 29
a bonanza

Brad
    $500 10
(Alex: The Merry Wives of [*] is correct.)

Windsor

Brad
    $500 27
Charlotte Corday

Bob
    $500 20
Malta

Doug
    $500 5
Lennox Lewis

Brad
    $500 15
(Alex: Boy. I think Bob and Doug are happy that we're going to take our first commercial break right now so they can regroup!)

Andrew Johnson

Brad
    $500 30
an aficionado

Brad

Scores at the first commercial break (after clue 15):

Doug Bob Brad
-$100 $200 $6,100

Scores at the end of the Jeopardy! Round:

Doug Bob Brad
$500 $1,100 $8,200

Double Jeopardy! Round responses

BIOLOGY
SPECIAL "K" PLACES
THIS YEAR'S HEADLINE!
(Alex: You identify the year, of course.)
AMERICAN RHODES SCHOLARS
DON'T LISTEN TO THEM!
HOMOPHONES
    $200 1
peas

Doug
    $200 8
Kansas

Brad
    $200 12
1974

Doug
    $200 3
Bill Clinton

Doug
    $200 26
Death of a Salesman

Brad
    $200 21
bawl/ball

Brad
    $400 2
a Y chromosome

Brad
    $400 13
Kyrgyzstan

Brad
    $400 17
1961

Brad
    $400 5
Kris Kristofferson

Doug
    $400 27
the Titanic

Doug
    $400 22
heel/heal

Doug
    $600 4
1

Brad
    $600 14
Kauai

Doug
    $600 18
1969

Brad
    $600 9
Bill Bradley

Brad
    $600 28
Gone with the Wind

Doug
    $600 23
have/halve

Bob
    $800 6
(Alex: Yes, tough to say!)
(Brad: Easy for me to say.)

photosynthesis

Brad
    $800 15
Kensington Palace

Brad
    $800 19
(Brad: What is 1917?)

1918

DougBrad
    $800 10
(Edwin) Hubble

Brad
    $800 29
(Brad: What are sculptures?)

daguerreotypes (or photographs)

BobBrad
    $800 24
brays/braise

Brad
    $1000 7
the exoskeleton

Doug
    $1,000 16
(Alex: Don't want to go $14,4?)
(Brad: No.)

Key West & Ketchum

Brad
    $1000 20
1997

Brad
    $1,600 11
(Alex: You found one earlier, made it a True Daily Double, worked out handsomely, would you like to do that again?)
(Brad: No, thanks!)
(Alex: I thought not!)

George Stephanopoulos

Brad
    $1000 30
(Alex: Boy, very impressive. Doug and Bob must feel as if they've, uh, just come through a buzzsaw.)

Neville Chamberlain

Brad
    $1000 25
might/mite

Triple Stumper

Scores at the end of the Double Jeopardy! Round:

Doug Bob Brad
$5,300 $2,500 $18,000
(lock game)

Final Jeopardy! Round responses

7-LETTER WORDS
(Alex: Correct response, it's from the Greek theatron, "place for watching.")
BobWhat ?
$2,498
DougWhat are windows?
$5,300
BradWhat is autopsy?
$0
theater

Final scores:

Doug Bob Brad
$0 $2 $18,000
3rd place: $2,500 if eliminated 2nd place: $2,500 if eliminated Automatic semifinalist

Game dynamics:

Coryat scores:

Doug Bob Brad
$5,300 $2,500 $15,000
14 R,
3 W
6 R,
1 W
36 R
(including 3 DDs),
2 W

Combined Coryat: $22,800

The J! Archive is created by fans, for fans. The Jeopardy! game show and all elements thereof, including but not limited to copyright and trademark thereto, are the property of Jeopardy Productions, Inc. and are protected under law. This website is not affiliated with, sponsored by, or operated by Jeopardy Productions, Inc. Join the discussion at JBoard.tv.